MARC

LEADER 00000nam0a2200000 4500
001 48059
005 20231031031218.0
035 |a (RuTPU)RU\TPU\book\50253 
090 |a 48059 
100 |a 20030303d1971 k y0rusy50 ca 
101 0 |a rus 
102 |a RU 
105 |a a z 001zy 
200 1 |a Методы теории автоматического управления  |f А. А. Фельдбаум, А. Г. Бутковский 
210 |a Москва  |c Наука  |d 1971 
215 |a 743 с.  |c ил. 
320 |a Библиогр.: с. 723-733. 
320 |a Имен. и предм. указ.: с. 734-743. 
610 1 |a автоматика 
610 1 |a автоматическое управление 
610 1 |a теория 
610 1 |a линейные системы 
610 1 |a нелинейные системы 
610 1 |a устойчивость 
610 1 |a частотные методы 
610 1 |a переходные процессы 
610 1 |a импульсные системы 
610 1 |a автоматические системы 
610 1 |a моделирование 
610 1 |a случайные сигналы 
610 1 |a информация 
610 1 |a оптимальные системы 
610 1 |a оптимальное управление 
610 1 |a финитное управление 
675 |a 621.01  |v 3 
700 1 |a Фельдбаум  |b А. А.  |g Александр Аронович 
701 1 |a Бутковский  |b А. Г.  |g Анатолий Григорьевич 
801 1 |a RU  |b 63413507  |c 20030303  |g PSBO 
801 2 |a RU  |b 63413507  |c 20230130  |g PSBO 
942 |c BK